Представление документа в формате RUSMARC

ПолеНазваниеЗначение
  Тип записи a
  Библиографический уровень m
001 Контрольный номер RU/CBS_UL/BASE/f996a70c4a59455e9485e593ad1edda4
005 Дата корректировки 20240731110608.4
010 Индекс ISBN __
a ISBN
b Уточнения в пер.
d Цена 630 р. 00 к.
9 Тираж экз.
100 Данные общей обработки __
a Данные общей обработки 20240731d 0rusy0189## ca
101 Язык документа 0_
a Язык текста rus
102 Страна публикации __
a Страна публикации RU
200 Заглавие и сведения об ответственности 1_
a Заглавие Цивилизация
e Сведения, относящиеся к заглавию новая история Западного мира
f Первые сведения об ответственности Р. Осборн
g Последующие сведения об ответственности пер. с англ. М. Колопотина
210 Выходные данные 1_
a Место издания Москва
c Издательство АСТ
c Издательство Хранитель
d Дата издания 2008
215 Физическое описание __
a Объем 768 с.
c Иллюстрации/тип воспроизводства ил.
d Формат см.
300 Общие примечания __
a Общие примечания Под инв. номером 123741: 8-1
300 Общие примечания __
a Общие примечания 16+
606 Тематические рубрики 0_
a Основная рубрика Цивилизация - История
610 Ключевые слова 0_
a Ключевые слова история всеобщая; история западной цивилизации; развитие цивилизации; исследования исторические
686 Индексы других классификаций __
2 Код системы rubbk
a Классификационный индекс 63.3(0)
700 Автор _1
a Фамилия Осборн
b Имя (инициалы) Р.
g Полное личное имя Роджер
801 Источник записи _0
a Страна RU
b Организация МБУК ЦБС г. Ульяновска
c Дата составления 20240731
g Правила каталогизации RCR
801 Источник записи _1
a Страна RU
b Организация МБУК ЦБС г. Ульяновска
c Дата составления 20240731
g Правила каталогизации RCR
852 Данные о местонахождении __
i Авторский знак О-72
j Шифр хранения 63.3(0)
901 Тип документа __
t Тип документа m
909 Создатель записи __
a Создатель записи obr2
b Дата создания записи 20240731